[Event "Vladivostok Russian Cup 2012"]
[Site "Vladivostok RUS"]
[Date "2012.09.25"]
[Round "9.4"]
[White "Timofeev,Arty"]
[Black "Kovalenko,I"]
[Result "1/2-1/2"]
[WhiteElo "2640"]
[BlackElo "2611"]

1.d4 Nf6 2.c4 e6 3.Nc3 Bb4 4.f3 Nc6 5.e4 d5 6.cxd5 exd5 7.e5 Ng8 8.Be3 Nge7
9.f4 O-O 10.Nf3 Na5 11.Bd3 Nc4 12.Qe2 Nxe3 13.Qxe3 c5 14.O-O Bf5 15.a3 cxd4
16.Nxd4 Bc5 17.Na4 Bxd4 18.Qxd4 Nc6 19.Qe3 d4 20.Qe2 Bxd3 21.Qxd3 Qa5 22.b3 Rad8
23.Rac1 Rd5 24.Rc2 Ne7 25.Ra1 g6 26.Nb2 b5 27.b4 Qb6 28.Rac1 f6 29.Rc7 Rf7
30.exf6 Qxf6 31.Qe4 Rd6 32.Nd3 Re6 33.Qa8+ Rf8 34.Qb7 a6 35.h3 Re2 36.Rf1 Nf5
37.Qf3 Rd2 38.Rf2 Rxf2 39.Qd5+ Kh8 40.Kxf2 Re8 41.g3 Qe6 42.Qxe6 Rxe6 43.Ne5 Kg8
44.Rd7 g5 45.Rd5 gxf4 46.gxf4 Kg7 47.Nf3 Rf6 48.Nxd4 Nxd4 49.Rxd4 Rc6 50.Ke3 Kf6
51.Rd3 Kf5 52.Rd5+ Ke6 53.Re5+ Kf7 54.Kf3 Rc3+ 55.Re3 Rc4 56.Kg4 Kf6 57.Rd3 h5+
58.Kxh5 Kf5 59.h4 Rc8 60.Rd5+ Kxf4 61.Rd6 Kf5 62.Rxa6 Rh8+ 63.Rh6 Ra8 64.Rh7 Rf8
65.Kh6 Kf6 66.Kh5 Kf5 67.Kh6 Kf6  1/2-1/2

[Event "1st Simon Bolivar Open 2012"]
[Site "San Cristobal VEN"]
[Date "2012.09.26"]
[Round "3.23"]
[White "Pulvett,D"]
[Black "Molina,Jesus"]
[Result "1/2-1/2"]
[WhiteElo "2383"]
[BlackElo "2146"]

1.d4 Nf6 2.c4 e6 3.Nc3 Bb4 4.f3 O-O 5.e4 d5 6.e5 Nfd7 7.a3 Bxc3+ 8.bxc3 dxc4
9.f4 Nb6 10.Nf3 c5 11.dxc5 Qxd1+ 12.Kxd1 Na4 13.Kc2 Nxc5 14.Bxc4 Bd7 15.Be3 Ba4+
16.Kd2 Nb3+  1/2-1/2

[Event "TCh-FIN SM 2012-13"]
[Site "Helsinki FIN"]
[Date "2012.09.29"]
[Round "1.4"]
[White "Niemela,A"]
[Black "Nyysti,S"]
[Result "0-1"]
[WhiteElo "2291"]
[BlackElo "2352"]

1.d4 Nf6 2.c4 e6 3.Nc3 Bb4 4.f3 O-O 5.a3 Bxc3+ 6.bxc3 Nh5 7.Nh3 f5 8.Bg5 Qe8
9.e4 fxe4 10.fxe4 Qg6 11.e5 Qe4+ 12.Qe2 Qxe2+ 13.Bxe2 g6 14.g4 Ng7 15.Nf2 d5
16.exd6 cxd6 17.Be7 Rf7 18.Bxd6 Ne8 19.Bg3 b6 20.h4 Bb7 21.Rh2 Bf3 22.h5 g5
23.Bxf3 Rxf3 24.Ne4 h6 25.Ke2 Rf7 26.Rf2 Rxf2+ 27.Bxf2 Nd7 28.Bg3 Nef6 29.Nf2 e5
30.dxe5 Re8 31.Rd1 Nxe5 32.Bxe5 Rxe5+ 33.Kf3 Kf7 34.Rd4 Ra5 35.Ne4 Rxa3 36.Nxf6 Kxf6
37.Ke4 Ke6 38.Rd8 Rxc3 39.Kd4 Rg3 40.Rh8 Rxg4+ 41.Kc3 Rf4 42.Rxh6+ Rf6 43.Rh7 Rf7
44.Rh8 Ke5 45.h6 Kf4 46.Rg8 Rh7 47.Rg6 g4 48.Kd3 Kf3 49.Rf6+ Kg2 50.Ke3 g3
51.Rg6 Kh2 52.Kf3 Rf7+ 53.Ke2 g2 54.Rg5 g1=Q 55.Rh5+ Kg2 56.Rg5+ Kh1  0-1

[Event "TCh-FIN SM 2012-13"]
[Site "Helsinki FIN"]
[Date "2012.09.30"]
[Round "2.3"]
[White "Niemela,A"]
[Black "Kokkila,T"]
[Result "1/2-1/2"]
[WhiteElo "2291"]
[BlackElo "2323"]

1.d4 Nf6 2.c4 e6 3.Nc3 Bb4 4.f3 d5 5.a3 Bxc3+ 6.bxc3 c5 7.cxd5 exd5 8.e3 O-O
9.Ne2 Re8 10.Nf4 Qd6 11.Be2 b6 12.g4 Ba6 13.Ra2 cxd4 14.cxd4 Bxe2 15.Rxe2 Nc6
16.g5 Nd7 17.Qb3 Rac8 18.Kf2 Ne7 19.a4 Rc4 20.Ba3 Qc6 21.Bxe7 Rxe7 22.Qb5 Nb8
23.Nxd5 Rd7 24.e4 Kf8 25.Ne3 Rcxd4 26.Qf5 Qg6 27.Qf4 Qd6 28.Qh4 Rd2 29.Re1 Kg8
30.Rxd2 Qxd2+ 31.Re2 Qb4 32.Qf4 Nc6 33.Rc2 Rd2+ 34.Rxd2 Qxd2+ 35.Kg3 g6 36.Nd5 Qxf4+
37.Kxf4 Nd4 38.h4 Kf8 39.Nf6 Ne6+ 40.Ke5 Nc5 41.Kd6 Nxa4 42.Nxh7+ Kg7 43.Nf6 b5
44.Kd5 Nc3+ 45.Kd4 Ne2+ 46.Kc5 a5 47.Nd5 a4 48.Kb4 Nd4 49.f4 Kf8 50.f5 Nf3
51.Kxb5 a3 52.Nc3 gxf5 53.exf5 Nxh4 54.f6 Nf3 55.Kb4 Nxg5 56.Kxa3 Kg8 57.Kb4 Kh7
58.Kc4 Kg6 59.Nd5 Ne4 60.Kd4 Nxf6 61.Ne7+ Kg5  1/2-1/2

[Event "TCh-Central SRB 2012"]
[Site "Vrnjacka Banja SRB"]
[Date "2012.10.02"]
[Round "5.5"]
[White "Petkov,V"]
[Black "Stojanovski,D"]
[Result "1/2-1/2"]
[WhiteElo "2522"]
[BlackElo "2435"]

1.d4 Nf6 2.c4 e6 3.Nc3 Bb4 4.f3 c5 5.a3 cxd4 6.axb4 dxc3 7.bxc3 d5 8.c5 e5
9.Bg5 O-O 10.e4 dxe4 11.Qxd8 Rxd8 12.fxe4 Be6 13.Bb5 Nc6 14.Ne2 a5 15.Bxf6 gxf6
16.Bxc6 bxc6 17.bxa5 Rd7 18.Kf2 Rda7 19.Rhd1 Rxa5 20.Rd8+ Rxd8 21.Rxa5 f5
22.exf5 Bxf5 23.Ra6 Rd2 24.Ke1 Rc2 25.Rxc6 Bg4 26.Ng3 Rxc3 27.Kd2 Rc4 28.h3 Be6
29.Nh5 Kf8 30.Rc7 Bd5 31.g4 h6 32.Nf6 Be6 33.Kd3 Kg7 34.Ne4 Kg6 35.Rc6 Rd4+
36.Ke3 h5 37.Rd6 hxg4 38.hxg4 Rxd6  1/2-1/2

[Event "TCh-ROU League A 2012"]
[Site "Olanesti ROU"]
[Date "2012.10.07"]
[Round "2.3"]
[White "Posedaru,B"]
[Black "Prodileanu,A"]
[Result "1/2-1/2"]
[WhiteElo "2318"]
[BlackElo "2223"]

1.d4 Nf6 2.c4 e6 3.Nc3 Bb4 4.f3 d5 5.a3 Bxc3+ 6.bxc3 c5 7.cxd5 Nxd5 8.dxc5 Qa5
9.e4 Ne7 10.Be3 O-O 11.Qb3 Qc7 12.Bb5 Nec6 13.Ne2 Na5 14.Qb4 e5 15.O-O Na6
16.Bxa6 bxa6 17.c6 Be6 18.Bc5 Rfd8 19.Rfd1 Nxc6 20.Bd6 Qb6+ 21.Qxb6 axb6
22.Bc7 Rxd1+ 23.Rxd1 b5 24.Rd6 Ne7 25.Rb6 Nc8 26.Rb7 f6 27.Bb8 Bc4 28.Ng3 g6
29.h4 a5 30.h5 b4 31.cxb4 Ba6 32.Rd7 Rxb8 33.h6 axb4 34.axb4 Rxb4 35.Rg7+ Kh8
36.Rf7 Kg8 37.Rg7+ Kh8 38.Rf7  1/2-1/2

[Event "1st OCF FIDE Fall Open"]
[Site "Stillwater USA"]
[Date "2012.10.07"]
[Round "5.4"]
[White "Baumann,Glenn"]
[Black "Berry,Ja"]
[Result "1/2-1/2"]
[WhiteElo "1684"]
[BlackElo "1982"]

1.d4 Nf6 2.c4 e6 3.Nc3 Bb4 4.f3 c5 5.a3 cxd4 6.Qxd4 Nc6 7.Qe3 Be7 8.b4 O-O
9.Qd2 a5 10.b5 Ne5 11.e4 Qc7 12.Bb2 b6 13.Rc1 Bb7 14.Nh3 Rad8 15.Na4 d6 16.Bd4 Ned7
17.Bd3 Nc5 18.Nxc5 dxc5 19.Bb2 e5 20.Qc3 Rfe8 21.O-O Bd6 22.Rcd1 Bc8 23.Nf2 Nd7
24.Ng4 f6 25.Ne3 Bb7 26.Nd5 Bxd5 27.exd5 e4 28.Bxe4 Bxh2+ 29.Kh1 Qf4 30.g4 Ne5
31.Qc1 Nxg4 32.Qxf4 Bxf4 33.Bxh7+ Kxh7 34.fxg4 Be5 35.Bxe5 Rxe5 36.Rfe1 Rg5
37.Re4 Kg6 38.Kh2 Kf7 39.Kg3 Re8 40.Rxe8 Kxe8 41.Rh1 Re5 42.Rh8+ Kd7 43.Kf3 Re8
44.Rh7 Re7 45.Rh8 Re8 46.Rxe8 Kxe8 47.Ke4 g6  1/2-1/2

[Event "TCh-SWE Elite 2012-13"]
[Site "Sweden SWE"]
[Date "2012.10.07"]
[Round "3"]
[White "Lokander,M"]
[Black "Kinnmark,O"]
[Result "1-0"]
[WhiteElo "2250"]
[BlackElo "2277"]

1.d4 Nf6 2.c4 e6 3.Nc3 Bb4 4.f3 d5 5.a3 Bxc3+ 6.bxc3 c5 7.cxd5 Nxd5 8.dxc5 f5
9.Nh3 O-O 10.Nf4 Nc6 11.Nxd5 exd5 12.Bf4 Be6 13.Bd6 Rf7 14.Kf2 Qf6 15.Qd2 Na5
16.Qd4 Qh6 17.Rb1 Nc4 18.e3 Nxd6 19.cxd6 f4 20.exf4 Rxf4 21.Qe3 Bf5 22.Rxb7 Qxd6
23.Rxa7 Rxa7 24.Qxa7 Bd7 25.Be2 Ra4 26.Qe3 Rxa3 27.Rd1 Be6 28.Rb1 g6 29.Rb6  1-0

[Event "TCh-ROU League A 2012"]
[Site "Olanesti ROU"]
[Date "2012.10.11"]
[Round "6.3"]
[White "Posedaru,B"]
[Black "Hegedus,Iu"]
[Result "1/2-1/2"]
[WhiteElo "2318"]
[BlackElo "2327"]

1.d4 Nf6 2.c4 e6 3.Nc3 Bb4 4.f3 c5 5.a3 Bxc3+ 6.bxc3 d6 7.e4 Nc6 8.Be3 b6
9.Bd3 e5 10.d5 Ne7 11.Ne2 Ng6 12.O-O O-O 13.Qd2 h6 14.g4 Nh7 15.Qe1  1/2-1/2

[Event "Trans-Europa-Schach-Express 2012"]
[Site "Potsdam GER"]
[Date "2012.10.13"]
[Round "1.6"]
[White "Menezes,Chr"]
[Black "Rindlisbacher,L"]
[Result "0-1"]
[WhiteElo "2303"]
[BlackElo "2334"]

1.d4 Nf6 2.c4 e6 3.Nc3 Bb4 4.f3 d5 5.a3 Bxc3+ 6.bxc3 c5 7.cxd5 Nxd5 8.dxc5 Qa5
9.e4 Ne7 10.Be3 O-O 11.Qb3 Qc7 12.Bb5 Nd7 13.Qb4 Nc6 14.Qa4 Nce5 15.Qd4 Nc6
16.Qd2 Rd8 17.Bxc6 bxc6 18.Qd6 Qa5 19.Qd4 Rb8 20.Ne2 Ba6 21.Kf2 Nf6 22.Qe5 Bxe2
23.Kxe2 Rb2+ 24.Ke1 Qb5 25.c4 Qb3 26.Bd4 Rxg2 27.Qc7 Rb8  0-1

[Event "TATA 50th ch-IND National Premier 2012"]
[Site "Kolkata IND"]
[Date "2012.10.14"]
[Round "13.19"]
[White "Krishna,CRG"]
[Black "Arindam,M"]
[Result "1-0"]
[WhiteElo "2326"]
[BlackElo "2265"]

1.d4 Nf6 2.c4 e6 3.Nc3 Bb4 4.f3 c5 5.d5 d6 6.e4 O-O 7.Bd3 b5 8.Ne2 Nbd7 9.dxe6 fxe6
10.cxb5 d5 11.exd5 exd5 12.O-O Ne5 13.Bg5 Bb7 14.Bf5 Qd6 15.Nf4 Rae8 16.Nd3 g6
17.Bh3 Nxd3 18.Qxd3 c4 19.Qc2 Qc5+ 20.Kh1 d4 21.Bxf6 Rxf6 22.Na4 Qd5 23.Rad1 d3
24.Qf2 Qxb5 25.b3 c3 26.Qd4 Rd6 27.Nxc3 Bxc3 28.Qxd6 d2 29.Bd7 Qe5 30.Rxd2 Bxd2
31.Qxd2 Qe2 32.Qd1 Qxd1 33.Rxd1 Re2 34.a4 Bd5 35.b4 Bb3 36.Rc1 Rd2 37.Bc6 Rd4
38.Kg1 Kg7 39.Rb1 Bc2 40.Rb2 Rd2 41.a5 Kf6 42.b5  1-0

[Event "7th Americas Continental 2012"]
[Site "Mar del Plata ARG"]
[Date "2012.10.14"]
[Round "4.70"]
[White "Besso,Javier Alejandro"]
[Black "Judewicz,Alejandro"]
[Result "0-1"]
[WhiteElo "1751"]
[BlackElo "2084"]

1.d4 e6 2.c4 Nf6 3.Nc3 Bb4 4.f3 Bxc3+ 5.bxc3 d6 6.e4 O-O 7.Bg5 Nbd7 8.Bd3 c5
9.Ne2 e5 10.d5 h6 11.Bh4 Re8 12.O-O Nf8 13.Qc2 Ng6 14.Bf2 Nh5 15.Be3 Nhf4
16.Nxf4 exf4 17.Bf2 Ne5 18.Rae1 Qg5 19.Kh1 Qh5 20.Be2 g5 21.Qd1 Kh8 22.g3 g4
23.gxf4 gxf3 24.fxe5 fxe2 25.Qxe2 Bg4 26.Qe3 Bf3+ 27.Kg1 Rg8+ 28.Bg3 Rxg3+  0-1

[Event "2nd Indonesia Open"]
[Site "Jakarta INA"]
[Date "2012.10.17"]
[Round "9.33"]
[White "Khairul,A"]
[Black "Milliet,S"]
[Result "0-1"]
[WhiteElo "2308"]
[BlackElo "2421"]

1.d4 Nf6 2.c4 e6 3.Nc3 Bb4 4.f3 c5 5.d5 O-O 6.e4 b5 7.Ne2 bxc4 8.Nf4 Ba6
9.Be2 exd5 10.Nxd5 Nxd5 11.Qxd5 Qh4+ 12.Kf1 Nc6 13.a3 Bxc3 14.bxc3 Qf6 15.Bd2 Rfe8
16.Rd1 Rab8 17.Qxc5 Rxe4 18.Qg5 Qxg5 19.Bxg5 Ree8 20.Rxd7 Rb5 21.h4 h6 22.Bf4 Rb3
23.Kf2 Rxc3 24.Rc1 Rxc1 25.Bxc1 Nd4  0-1

[Event "7th Americas Continental 2012"]
[Site "Mar del Plata ARG"]
[Date "2012.10.19"]
[Round "9.51"]
[White "Conde,Ad"]
[Black "Miranda,Rob"]
[Result "0-1"]
[WhiteElo "2053"]
[BlackElo "2200"]

1.d4 Nf6 2.c4 e6 3.Nc3 Bb4 4.f3 d5 5.a3 Bxc3+ 6.bxc3 c5 7.cxd5 Nxd5 8.dxc5 Qa5
9.e4 Nf6 10.Be3 O-O 11.Qb3 Nfd7 12.Qb4 Qc7 13.Nh3 Nc6 14.Qb2 Na5 15.Be2 Nxc5
16.O-O Na4 17.Qb4 Nxc3 18.Bd3 Rd8 19.Nf2 b6 20.Bd2 Rxd3 21.Nxd3 Ne2+ 22.Kh1 Ba6
23.Qb1 Rd8 24.Nb4 Ng3+ 25.hxg3 Bxf1 26.Bf4 e5 27.Nd5 Qd6 28.Qxf1 exf4 29.gxf4 Nb3
30.Ra2 Rc8 31.Qb5 Qh6+ 32.Kg1 Rc1+ 33.Kf2 Qh4+ 34.Ke3 Qe1+ 35.Qe2 Qg1+ 36.Qf2 Qd1
37.f5 Rc4 38.Nb4 Qc1+ 39.Kd3 Qc3+ 40.Ke2 Nc1+ 41.Kf1 Nxa2 42.Qxa2 a5 43.Nd5 Qc1+
44.Kf2 Rc2+  0-1

[Event "16th Unive Open"]
[Site "Hoogeveen NED"]
[Date "2012.10.20"]
[Round "2"]
[White "Lesman,F"]
[Black "Grant,J"]
[Result "0-1"]
[WhiteElo "2100"]
[BlackElo "2217"]

1.d4 Nf6 2.c4 e6 3.Nc3 Bb4 4.f3 d5 5.a3 Bxc3+ 6.bxc3 c5 7.e3 Nc6 8.Nh3 O-O
9.Nf2 b6 10.g4 Bb7 11.g5 Ne8 12.Rg1 Nd6 13.Bd3 dxc4 14.Bb1 cxd4 15.cxd4 Nf5
16.f4 b5 17.Ne4 Nce7 18.Ra2 Bxe4 19.Bxe4 Nd5 20.Bd2 c3 21.Bc1 g6 22.Qf3 a5
23.Bd3 b4 24.e4 b3 25.Rf2 Nxd4 26.Qh3 b2 27.Bxb2 cxb2 28.exd5 Qc7 29.Rd2 Qc1+
30.Rd1 Qxf4 31.Rg4 Nf3+ 32.Ke2 Nd4+ 33.Ke1 Qe5+ 34.Kf2 exd5 35.Rh4 Ne6 36.Kg1 Nxg5
37.Qg4 Qe3+ 38.Kg2 Qxd3 39.Rxd3 b1=Q 40.Qxg5 Qxd3 41.Qh6 Qc2+ 42.Kf3 Qc3+  0-1

[Event "NIT Nagpur GM Open 2012"]
[Site "Nagpur IND"]
[Date "2012.10.20"]
[Round "8.5"]
[White "Akshayraj,K"]
[Black "Stany,G"]
[Result "0-1"]
[WhiteElo "2472"]
[BlackElo "2404"]

1.d4 Nf6 2.c4 e6 3.Nc3 Bb4 4.f3 O-O 5.e4 d5 6.e5 Nfd7 7.cxd5 exd5 8.a3 Bxc3+
9.bxc3 f6 10.exf6 Qxf6 11.Bd3 Nb6 12.Ne2 Bf5 13.O-O N8d7 14.Rb1 Rae8 15.g4 Bxd3
16.Qxd3 Qc6 17.Ng3 Nc4 18.Nf5 Nd6 19.Nxd6 cxd6 20.Qb5 Nb6 21.Qxc6 bxc6 22.Kf2 Na4
23.Bd2 Rb8 24.Rxb8 Rxb8 25.Bf4 Rb2+ 26.Kg3 Nxc3 27.Bxd6 Ne2+ 28.Kf2 Nxd4+
29.Ke3 Nb5 30.Be5 Rb3+ 31.Kf4 Nxa3 32.Re1 Nc4 33.Bd4 Nd2 34.Re7 Rxf3+ 35.Ke5 Rf6  0-1

[Event "Danilo Batricevic Mem Balkan GP"]
[Site "Cetinje MNE"]
[Date "2012.10.21"]
[Round "2.12"]
[White "Andrejic,V"]
[Black "Nikcevic,N"]
[Result "1-0"]
[WhiteElo "2195"]
[BlackElo "2432"]

1.d4 Nf6 2.c4 e6 3.Nc3 Bb4 4.f3 c5 5.d5 d6 6.e4 O-O 7.Bd3 b5 8.Ne2 bxc4 9.Bxc4 e5
10.Bg5 Nbd7 11.O-O h6 12.Bh4 Bxc3 13.Nxc3 Rb8 14.Qc2 g5 15.Bf2 Nh5 16.Nd1 Nb6
17.Bd3 Nf4 18.Ne3 Bd7 19.Rfd1 Nxd3 20.Rxd3 f5 21.exf5 Bxf5 22.Nxf5 Rxf5 23.Ra3 Rf7
24.Qg6+ Rg7 25.Qxh6 Nc4 26.Ra6 Rxb2 27.Rc6 Rb6 28.Qe6+ Kh7 29.Qf5+ Rg6 30.Rc8 Qe7
31.h4 gxh4 32.Qh5+ Rh6 33.Rh8+ Kxh8 34.Qxh6+ Qh7 35.Qf8+ Qg8 36.Qf6+ Qg7
37.Qxh4+ Kg8 38.Qxc4 e4 39.Re1 exf3 40.g3 Qg6 41.Qf4 Rb1 42.Qxf3 Rxe1+ 43.Bxe1 Qb1
44.Qe2  1-0

[Event "38th Guernsey Open"]
[Site "Guernsey GCI"]
[Date "2012.10.22"]
[Round "2"]
[White "Purdon,C"]
[Black "Downey,K GCI"]
[Result "1-0"]
[WhiteElo "2099"]
[BlackElo "1957"]

1.d4 Nf6 2.c4 e6 3.Nc3 Bb4 4.f3 d5 5.a3 Bxc3+ 6.bxc3 c5 7.e3 O-O 8.cxd5 exd5
9.Bd3 c4 10.Bb1 Nc6 11.Ne2 Re8 12.O-O b6 13.Ng3 Na5 14.e4 Nb3 15.Ra2 Nxc1
16.Qxc1 Nd7 17.e5 Nf8 18.f4 Rb8 19.f5 f6 20.e6 Rb7 21.Nh5 b5 22.Qf4 a5 23.Qg3 Qe7
24.Qf3 Qd6 25.Nf4 Rd8 26.Re1 Re7 27.Rae2 Bb7 28.g4 Qxa3 29.Ra2 Qd6 30.Rxa5 Qb6
31.Ra2 b4 32.Rb2 b3 33.h4 Rd6 34.g5 Nd7 35.Qg3 fxg5 36.hxg5 Nf8 37.f6 Rexe6
38.Nxe6 Nxe6 39.Rf2 Rd8 40.f7+  1-0

[Event "Danilo Batricevic Mem Balkan GP"]
[Site "Cetinje MNE"]
[Date "2012.10.26"]
[Round "8.9"]
[White "Andrejic,V"]
[Black "Dinev,De"]
[Result "0-1"]
[WhiteElo "2195"]
[BlackElo "2348"]

1.d4 Nf6 2.c4 e6 3.Nc3 Bb4 4.f3 d5 5.a3 Bxc3+ 6.bxc3 c6 7.Qc2 c5 8.e3 Nc6
9.Bd3 e5 10.cxd5 Nxd5 11.e4 Nf4 12.d5 Nxd3+ 13.Qxd3 O-O 14.Ne2 Na5 15.c4 b6
16.Bd2 Nb7 17.O-O f5 18.exf5 Bxf5 19.Qe3 Nd6 20.Rac1 Qd7 21.Ng3 Bg6 22.Rc3 Rae8
23.Re1 e4 24.f4 h5 25.Qe2 h4 26.Nf1 Qf5 27.Be3 Bh5 28.Qf2 h3 29.Ng3 Qf6 30.Rc2 Bg4
31.Bc1 hxg2 32.Bb2 Qh4 33.Qd2 Bh3 34.Be5 Nf7 35.Bb2 Nd6 36.Be5 Nf7 37.Bb2 Nh6
38.Qc3 Rf7 39.Ne2 Nf5 40.Ng3 Nd4 41.Nxe4 Qxe1+ 42.Qxe1 Nf3+  0-1

[Event "16th Unive Open"]
[Site "Hoogeveen NED"]
[Date "2012.10.26"]
[Round "8"]
[White "L'Ami,E"]
[Black "Brynell,S"]
[Result "1-0"]
[WhiteElo "2631"]
[BlackElo "2500"]

1.d4 e6 2.c4 Nf6 3.Nc3 Bb4 4.f3 d5 5.a3 Bxc3+ 6.bxc3 c5 7.cxd5 exd5 8.e3 Qc7
9.Ne2 O-O 10.g4 Nbd7 11.Bg2 Nb6 12.O-O Bd7 13.a4 Rac8 14.Nf4 h6 15.h4 cxd4
16.cxd4 Bc6 17.Rf2 Rfe8 18.Bf1 Bxa4 19.Qd2 g5 20.hxg5 hxg5 21.Rh2 gxf4 22.Qf2 fxe3
23.Qh4 Qxh2+ 24.Kxh2 e2 25.Qg5+ Kh7 26.Bf4 Rc6 27.Bxe2 Rxe2+ 28.Kg3 Ne4+
29.fxe4 Rc3+ 30.Kh4 Rc6 31.Rh1 Rg6 32.Kg3+ Kg7 33.Be5+ f6 34.Bxf6+  1-0

[Event "TCh-FIN SM 2012-13"]
[Site "Joensuu FIN"]
[Date "2012.10.27"]
[Round "4.4"]
[White "Ronka,E"]
[Black "Agopov,M"]
[Result "0-1"]
[WhiteElo "2084"]
[BlackElo "2431"]

1.d4 Nf6 2.c4 e6 3.Nc3 Bb4 4.f3 O-O 5.a3 Bxc3+ 6.bxc3 Ne8 7.e4 Nc6 8.Bd3 b6
9.a4 Ba6 10.Ba3 d6 11.f4 Na5 12.Qe2 c5 13.dxc5 dxc5 14.e5 f5 15.Nf3 Qd7 16.O-O Rd8
17.Rfd1 Qc6 18.h3 Rf7 19.g4 Rxd3 20.Rxd3 Bxc4 21.Rad1 fxg4 22.hxg4 Rxf4  0-1

[Event "Chigorin Memorial 2012"]
[Site "St Petersburg RUS"]
[Date "2012.10.27"]
[Round "1.10"]
[White "Yakimenko,Alex"]
[Black "Matlakov,M"]
[Result "1/2-1/2"]
[WhiteElo "2220"]
[BlackElo "2665"]

1.d4 Nf6 2.c4 e6 3.Nc3 Bb4 4.f3 c5 5.a3 Ba5 6.dxc5 Bxc3+ 7.bxc3 Qa5 8.e4 Qxc5
9.a4 Qa5 10.Ba3 Nc6 11.Ne2 d5 12.cxd5 exd5 13.e5 Nd7 14.Nf4 Ndxe5 15.Bb5 Be6
16.O-O O-O-O 17.Nxe6 fxe6 18.Qe2 Rhe8 19.Kh1 a6 20.Rfb1 Nc4 21.Bxc4 dxc4
22.Qxc4 Qd5 23.Qg4 Rd7 24.Re1 g6 25.h3 Ne5 26.Qe4 Nd3 27.Qxd5 Rxd5 28.Re2 e5
29.Raa2 Red8 30.Red2 R8d7 31.Kh2 Rc7 32.Rac2 Rc4 33.Bb4 Kd7 34.a5 Kc6 35.Bf8 Ra4
36.Bb4 Kd7 37.Ra2 Rxa2 38.Rxa2 Kc6 39.Bf8 Kb5 40.g3 Kc4 41.Kg2 Rb5 42.Bg7 Kxc3
43.h4 Nb4 44.Ra1 Nc2 45.Ra4 Ne3+ 46.Kf2 Nc4 47.Ra1 Rb2+ 48.Kg1 Kd3 49.f4 Re2
50.fxe5 Nxe5 51.Bxe5 Rxe5 52.Rd1+ Ke2 53.Rd7 Kf3 54.Kh2 Kg4 55.Rd4+ Kf5 56.Rd7 Rxa5
57.Rxb7 h5 58.Rb6 Ra4 59.Kh3 Ra1 60.Kg2 Ra2+ 61.Kf3 Ra3+ 62.Kg2 Ra5 63.Rc6 g5
64.hxg5 Kxg5 65.Kh3 Ra2 66.Rc5+ Kg6 67.Rc6+ Kf5 68.Rc5+ Kg6 69.Rc6+ Kg5 70.Rc5+ Kg6
71.Rc6+ Kg5 72.Rc5+ Kg6  1/2-1/2

[Event "Chigorin Memorial"]
[Site "St Petersburg RUS"]
[Date "2012.10.29"]
[Round "3.92"]
[White "Yudkevich,M"]
[Black "Donskov,Ana"]
[Result "0-1"]
[WhiteElo "2099"]
[BlackElo "2305"]

1.d4 Nf6 2.c4 e6 3.Nc3 Bb4 4.f3 c5 5.d5 d6 6.e4 O-O 7.Ne2 b5 8.dxe6 fxe6
9.e5 Ne8 10.exd6 bxc4 11.a3 Ba5 12.Bf4 Nc6 13.Qd2 Bd7 14.Ng3 Nd4 15.Bg5 Qb6
16.Bxc4 Nxd6 17.Ba2 Rxf3 18.O-O-O Rxc3+ 19.bxc3 N6b5 20.Ne4 Nxc3  0-1

[Event "7th Deizisau Autumn"]
[Site "Deizisau GER"]
[Date "2012.10.30"]
[Round "7.1"]
[White "Kvetny,M"]
[Black "Schild,C GER"]
[Result "1/2-1/2"]
[WhiteElo "2234"]
[BlackElo "2289"]

1.d4 e6 2.c4 Nf6 3.Nc3 Bb4 4.f3 O-O 5.a3 Bxc3+ 6.bxc3 d6 7.e4 e5 8.Bd3 b6
9.Ne2 Qe8 10.O-O Nc6 11.Bg5  1/2-1/2

[Event "Chigorin Memorial"]
[Site "St Petersburg RUS"]
[Date "2012.10.31"]
[Round "5.143"]
[White "Potyavin,I"]
[Black "Ustich,Ekaterina"]
[Result "1/2-1/2"]
[WhiteElo "2049"]
[BlackElo "1857"]

1.d4 Nf6 2.c4 e6 3.Nc3 Bb4 4.f3 d5 5.e3 O-O 6.a3 Bxc3+ 7.bxc3 b6 8.Bd3 Ba6
9.cxd5 Bxd3 10.Qxd3 exd5 11.Ne2 Re8 12.O-O Nc6 13.Ng3 Na5 14.e4 Nb3 15.Rb1 Nxc1
16.Rbxc1 Qe7 17.e5 Nd7 18.a4 Nf8 19.f4 Rac8 20.Qf3 Qd7 21.Nh5 Qf5 22.g4 Qd7
23.f5 Red8 24.Qf4 Qc6 25.e6 fxe6 26.Qg5 g6 27.fxg6 Nxg6 28.Nf6+ Kh8 29.Qh6 Rd7
30.Nxd7 Qxd7 31.Rf6 Qg7 32.Qxg7+ Kxg7 33.Rxe6 c5 34.dxc5 Rxc5 35.Rd6 Nf4
36.Re1 Rc7 37.Re3 Rf7 38.h4 h6 39.h5 Kh7 40.Kh2 Rg7 41.Re8 Rxg4 42.Rdd8 Nxh5
43.Rh8+ Kg6 44.Rhg8+ Ng7 45.Rxd5 Kh7 46.Ra8 Rxa4 47.Rd7 Rg4 48.Raxa7 h5 49.Rdb7 Rg6
50.Ra6 Rc6 51.Raa7 Rg6 52.Ra6 Rc6 53.Raa7  1/2-1/2

[Event "Chigorin Memorial"]
[Site "St Petersburg RUS"]
[Date "2012.10.31"]
[Round "5.75"]
[White "Dimukhametov,A"]
[Black "Shaydullina,S"]
[Result "1-0"]
[WhiteElo "2347"]
[BlackElo "2162"]

1.d4 Nf6 2.c4 e6 3.Nc3 Bb4 4.f3 Bxc3+ 5.bxc3 b6 6.e4 Nc6 7.e5 Ng8 8.Bd3 Ba6
9.Ba3 Na5 10.Qe2 Ne7 11.Nh3 Rc8 12.Nf4 c5 13.Nh5 Kf8 14.d5 Ng6 15.O-O exd5
16.cxd5 Bxd3 17.Qxd3 Qg5 18.Ng3 Nxe5 19.Qa6 Qd8 20.Rae1 Nec4 21.Bc1 h5 22.Nf5 Rb8
23.Bf4 d6 24.Re7 Qc8 25.Qxc8+ Rxc8 26.Rfe1 Rd8 27.Rxa7 g6 28.Bg5 gxf5 29.Bxd8 Kg7
30.Bh4 Ne5 31.Be7 Nac4 32.Bxd6 Nd3 33.Rd1 Ndb2 34.Rb1 Rd8 35.Be5+ Nxe5 36.Rxb2 Rxd5
37.Rxb6 Rd1+ 38.Kf2 Rd2+ 39.Kg3 h4+ 40.Kf4 Re2 41.Kxf5 Nc4 42.Rg6+ Kf8 43.Rf6 Ne3+
44.Kg5 Rxg2+ 45.Kh6 h3 46.Rfxf7+ Kg8 47.Rg7+ Rxg7 48.Rxg7+ Kf8 49.Rg5 c4
50.a4 Nf1 51.a5 Nxh2 52.a6 Ke7 53.Rg3 Nf1 54.Rxh3 Ne3 55.a7  1-0

[Event "TCh-AUT 2012-13"]
[Site "Hohenems AUT"]
[Date "2012.11.03"]
[Round "2.2"]
[White "Bernasek,J"]
[Black "Hera,I"]
[Result "1-0"]
[WhiteElo "2506"]
[BlackElo "2573"]

1.d4 Nf6 2.c4 e6 3.Nc3 Bb4 4.f3 d5 5.a3 Bxc3+ 6.bxc3 c5 7.cxd5 exd5 8.e3 c4
9.Ne2 Nc6 10.g4 O-O 11.Bg2 Na5 12.O-O Nb3 13.Ra2 Qa5 14.g5 Nd7 15.e4 Nb6
16.h3 Nxc1 17.Qxc1 Bd7 18.Ng3 Nc8 19.Re2 Ne7 20.h4 Qc7 21.Qe1 Ng6 22.exd5 Nf4
23.Re5 Nd3 24.Qe4 Nxe5 25.dxe5 Qc5+ 26.Kh2 Qxa3 27.f4 Qxc3 28.f5 a5 29.e6 fxe6
30.fxe6 Rxf1 31.Bxf1 Bb5 32.Bg2 g6 33.e7 Bd7 34.d6 Qb2 35.Qxc4+ Kh8 36.Qf4 Kg7
37.h5 Bc6 38.h6+ Kg8 39.Ne4 a4 40.Nf6+ Kh8 41.Nd5 Kg8 42.Qc4 Kh8 43.Qc3+ Qxc3
44.Nxc3 Be8 45.Bh3 a3 46.d7 Bxd7 47.Bxd7 a2 48.Nxa2 Rxa2+ 49.Kg3 Re2 50.e8=Q+ Rxe8
51.Bxe8 Kg8 52.Kf4 b5 53.Bxb5 Kh8 54.Ke5 Kg8 55.Kf6 Kh8 56.Bd3 Kg8 57.Bxg6 Kh8
58.Bxh7  1-0

[Event "WY GU18 2012"]
[Site "Maribor SLO"]
[Date "2012.11.10"]
[Round "3.19"]
[White "Matlin,A"]
[Black "Forsa,E"]
[Result "1-0"]
[WhiteElo "2064"]
[BlackElo "1836"]

1.d4 Nf6 2.c4 e6 3.Nc3 Bb4 4.f3 d5 5.a3 Bxc3+ 6.bxc3 b6 7.cxd5 exd5 8.e3 O-O
9.Bd3 Re8 10.Ne2 Ba6 11.Bb1 Qd7 12.O-O Nc6 13.Re1 Rad8 14.Ng3 Qc8 15.Bf5 Qb7
16.Bc2 Qc8 17.Ba4 Re6 18.Qd2 Na5 19.Qf2 c5 20.Bb2 Nc4 21.Bb3 Rde8 22.Bxc4 Bxc4
23.Qd2 Qc6 24.Kf2 Qc7 25.Kg1 h5 26.Nh1 Kh7 27.Nf2 Qe7 28.Bc1 Kg8 29.Qc2 cxd4
30.cxd4 Qd7 31.e4 dxe4 32.Qxc4 exf3 33.Rxe6 Rxe6 34.gxf3 Re1+ 35.Kg2 Nd5
36.Ra2 Qe6 37.Qc2 f5 38.Bg5 Qg6 39.Qc8+ Kh7 40.h4 Nf4+ 41.Kh2 Ne6 42.Qc3 Nxg5
43.hxg5 Qe6 44.Qd2 h4 45.Nh3 Re3 46.Nf4 Qb3 47.g6+ Kg8 48.Rc2 Re8 49.Rc3 Qb5
50.Rc1 Qb3 51.Qc3 Qa2+ 52.Rc2 Qb1 53.Qc4+ Kh8 54.Rg2 Qe1 55.Qf7 Qe3 56.Nh5 Rg8
57.Qxf5 Qxd4 58.Nf4 Rd8 59.Qh5+ Kg8 60.Qh7+ Kf8 61.Ne6+  1-0

[Event "WY BU16 2012"]
[Site "Maribor SLO"]
[Date "2012.11.10"]
[Round "3.25"]
[White "Lokander,M"]
[Black "Sokac,Marko"]
[Result "1-0"]
[WhiteElo "2238"]
[BlackElo "2040"]

1.d4 Nf6 2.c4 e6 3.Nc3 Bb4 4.f3 Nc6 5.e4 Bxc3+ 6.bxc3 b6 7.Bd3 Ba6 8.f4 Na5
9.Qe2 d6 10.Nf3 c5 11.e5 Ng8 12.f5 d5 13.fxe6 fxe6 14.Ng5 Qe7 15.O-O Nh6
16.cxd5 Bxd3 17.Qxd3 exd5 18.Nxh7 Nf7 19.Qg6 cxd4 20.Bg5  1-0

[Event "WY BU18 2012"]
[Site "Maribor SLO"]
[Date "2012.11.10"]
[Round "3"]
[White "Torres Rosas,L"]
[Black "Fedoseev,Vl3"]
[Result "0-1"]
[WhiteElo "2243"]
[BlackElo "2509"]

1.d4 Nf6 2.c4 e6 3.Nc3 Bb4 4.f3 d5 5.a3 Bxc3+ 6.bxc3 O-O 7.cxd5 exd5 8.e3 c5
9.Bd3 Qa5 10.Bd2 Qc7 11.Ne2 b6 12.O-O Ba6 13.Be1 Qc6 14.Ng3 Re8 15.Bf2 Bxd3
16.Qxd3 Nbd7 17.Rfe1 Nf8 18.h3 Ng6 19.e4 dxe4 20.fxe4 Rac8 21.e5 Nd5 22.Ne4 cxd4
23.cxd4 Rf8 24.Nd6 Rc7 25.Nb5 Ngf4 26.Qf1 Re7 27.Bh4 Re6 28.Rac1 Qd7 29.Bg3 Ng6
30.Nd6 Nge7 31.Kh2 h6 32.Qc4 f5 33.exf6 Rfxf6 34.Rxe6 Rxe6 35.Nc8 Nc6 36.Qb5 Nc7
37.Qf5 Nd5 38.Nd6 Rxd6 39.Qxd7 Rxd7 40.Rxc6 Ne7 41.Rc4 Kf7 42.Be5 Ng6 43.Bg3 Ke6
44.Rc6+ Kf5 45.Bb8 Ne7 46.Rc1 Ke4 47.Be5 Ng6 48.Bg3 Kd5 49.a4 Ne7 50.a5 Nc6
51.axb6 axb6 52.Bf2 Nb4 53.Rc3 Ra7 54.Rf3 Kc4 55.Rf8 Rc7 56.Bg3 Rb7 57.Be5 Nc6
58.Rc8 Kd5 59.Bg3 b5 60.Be1 b4 61.Bxb4 Nxb4 62.Rd8+ Ke4 63.Re8+ Kxd4 64.g4 Nd5
65.Kg3 Rb3+ 66.Kh4  0-1